000 00394nam a2200133Ia 4500
008 191108s9999 xx 000 0 und d
020 _a0-471-08554-5
100 _aKolb, Robert W.
245 _cRobert Kolb.--
_aUnderstanding options /
260 _aCanada :
_bJohn Wiley & Sons, Inc.
_c1995
300 _a375 pages :
500 _aIncludes appendix and index.
650 _aOptions (Finance)
999 _c362500
_d362500